[Event "AUTO-OPEN-4185"]
[Site "http://www.queenalice.com/game.php?id=1616634"]
[Date "2020.6.14"]
[Round "1"]
[White "sphagnis"]
[Black "ChessColossos"]
[Result "1-0"]
[WhiteElo "1656"]
[BlackElo "1419"]

1. e4 e5 2. Bc4 Be7 3. Nf3 d6 4. h3 Nf6 5. Bxf7+ Kxf7 6. Nc3 Re8 7. d4 exd4 8.
Qxd4 Nc6 9. Qd3 Ne5 10. Nxe5+ dxe5 11. Nd5 Nxd5 12. Qxd5+ Qxd5 13. exd5 Bf5 14.
c3 Be4 15. O-O Bxd5 16. b3 Bf6 17. c4 e4 18. Rb1 Bc6 19. Be3 a6 20. Rfd1 Rad8
21. Kh2 Rxd1 22. Rxd1 Rd8 23. Rxd8 Bxd8 24. Kg3 Kg6 25. Kg4 h5+ 26. Kg3 Kf5 27.
f4 exf3 28. gxf3 g5 29. h4 gxh4+ 30. Kg2 h3+ 31. Kg3 h4+ 32. Kxh3 Bxf3 33. a3
Bg4+ 34. Kg2 h3+ 35. Kh2 Bf6 36. Bf2 Be5+ 37. Bg3 Bxg3+ 38. Kh1 Bh2 39. Kxh2 Bf3
40. Kxh3 Bg2+ 41. Kxg2 Ke4 42. c5 Kd4 43. b4 1-0

[Event "AUTO-OPEN-4185"]
[Site "http://www.queenalice.com/game.php?id=1616635"]
[Date "2020.6.14"]
[Round "1"]
[White "ChessColossos"]
[Black "sphagnis"]
[Result "0-1"]
[WhiteElo "1412"]
[BlackElo "1663"]

1. g4 e5 2. d4 Nc6 3. d5 Nd4 4. e3 Bc5 5. exd4 Bxd4 6. c3 Bc5 7. b4 Bb6 8. a4
Qf6 9. Nf3 e4 10. Qe2 d6 11. Qxe4+ Qe7 12. Qxe7+ Nxe7 13. a5 Bxf2+ 14. Kxf2 Bxg4
15. c4 c5 16. dxc6 Nxc6 17. Ba3 O-O 18. Nbd2 h6 19. b5 Nxa5 20. Bxd6 Rfd8 21.
Bc7 Bxf3 22. Nxf3 b6 23. Bxd8 Rxd8 24. Be2 f6 25. Rhd1 Re8 26. Rd7 Rc8 27. Rxa5
bxa5 28. Rxa7 g6 29. Rxa5 Kf7 30. Ra7+ Ke6 31. Nd4+ Kd6 32. Ra6+ Ke5 33. Rxf6
Kxf6 34. Nc6 h5 35. Na7 Rc7 0-1

[Event "AUTO-ADV-4358"]
[Site "http://www.queenalice.com/game.php?id=1616709"]
[Date "2020.6.14"]
[Round "1"]
[White "sphagnis"]
[Black "Bigchess"]
[Result "0-1"]
[WhiteElo "1652"]
[BlackElo "1658"]

1. e4 d5 2. Nc3 dxe4 3. d4 e6 4. Nxe4 Nf6 5. Bg5 Be7 6. Qd3 c6 7. a3 Nxe4 8.
Bxe7 Nxf2 9. Bxd8 Nxd3+ 10. cxd3 Kxd8 11. Nf3 Nd7 12. Be2 Nb6 13. Ne5 Rf8 14.
O-O f6 15. Nc4 Nd5 16. Rf3 a6 17. Nd6 Ke7 18. Nxc8+ Raxc8 19. Bd1 g6 20. g4 Kd6
21. h4 b5 22. Bb3 a5 23. Kf2 a4 24. Ba2 f5 25. Rc1 fxg4 26. Rxf8 Rxf8+ 27. Kg3
h5 28. Bxd5 exd5 29. Rd1 Rf3+ 30. Kg2 Rh3 31. b4 Rxh4 32. Rh1 Rxh1 33. Kxh1 Ke6
34. Kg2 Kf5 35. Kg3 g5 36. Kf2 Kf4 37. Ke2 g3 38. Kf1 Kf3 39. Kg1 h4 40. Kf1 Ke3
41. Kg2 Kxd3 42. Kf3 Kxd4 43. Kg4 g2 44. Kxg5 h3 45. Kf5 h2 46. Ke6 g1=Q 47. Kd6
h1=Q 48. Kxc6 Kc4 49. Kd6 Qh6+ 50. Ke5 Qgg5# 0-1

[Event "AUTO-ADV-4358"]
[Site "http://www.queenalice.com/game.php?id=1616710"]
[Date "2020.6.14"]
[Round "1"]
[White "Bigchess"]
[Black "sphagnis"]
[Result "0-1"]
[WhiteElo "1693"]
[BlackElo "1650"]

1. d4 d6 2. e4 e5 3. dxe5 Nc6 4. exd6 Qxd6 5. Qxd6 Bxd6 6. c3 Ne5 7. Be3 h6 8.
Be2 Bg4 9. Nd2 Nf6 10. Bxg4 Nfxg4 11. Bd4 O-O 12. Ndf3 c5 13. Bxe5 Bxe5 14. Nxe5
Nxe5 15. O-O-O Rad8 16. Rxd8 Rxd8 17. Nh3 g5 18. Rd1 Rxd1+ 19. Kxd1 Nd3 20. Kd2
Nxb2 21. Ng1 Nc4+ 22. Kd3 Nb2+ 23. Kc2 Nc4 24. Kb3 Nd2+ 25. Kc2 Nxe4 26. f3 Nd6
27. Ne2 Nc4 28. Ng3 Ne3+ 29. Kd3 Nxg2 30. Ne4 b6 31. Nf6+ Kg7 32. Nd7 Nf4+ 33.
Ke3 Nd5+ 34. Kd3 Kg6 35. Ne5+ Kf6 36. Ng4+ Kg6 37. Ne5+ Kf6 38. Ng4+ Kg7 39. a3
f5 40. Ne5 Nf4+ 41. Ke3 Nh3 42. c4 Kf6 43. Nd3 Nf4 44. Nxf4 gxf4+ 45. Kxf4 a6
46. h4 b5 47. cxb5 axb5 48. Ke3 Ke5 49. h5 c4 50. Kd2 Kd4 51. Kc2 Ke3 52. Kc3 f4
53. Kb4 Kxf3 54. Kxb5 c3 55. a4 c2 0-1

[Event "AUTO-ADV-4358"]
[Site "http://www.queenalice.com/game.php?id=1616711"]
[Date "2020.6.14"]
[Round "1"]
[White "sphagnis"]
[Black "RJOliveira"]
[Result "1-0"]
[WhiteElo "1655"]
[BlackElo "1799"]

1. e4 e5 2. Nf3 d6 3. h3 Nf6 4. Nc3 Be7 5. Bc4 O-O 6. d4 c6 7. dxe5 dxe5 8. a3
b5 9. Bb3 a5 10. Be3 a4 11. Ba2 Nbd7 12. b4 axb3 13. Bxb3 Bb7 14. O-O b4 15. Nb1
bxa3 16. c4 Nxe4 17. Qd3 Ndc5 18. Qc2 Nf6 19. Bg5 Nxb3 20. Qxb3 e4 21. Nfd2 Qd7
22. Nxa3 h6 23. Bh4 Rab8 24. Rfd1 Rfd8 25. Nxe4 Qc7 26. Bg3 Qc8 27. Bxb8 Rxd1+
28. Rxd1 Qxb8 29. Nxf6+ Bxf6 30. c5 Qc7 31. Nc4 g6 32. Nd6 Bc8 33. Qb6 Qd7 34.
Qb8 Qe6 35. Qxc8+ Qxc8 36. Nxc8 Kg7 37. Na7 h5 38. Nxc6 Bg5 39. Ne5 Bf6 40. Nd7
Bg5 41. g3 Be7 42. c6 Bd8 43. Nc5 Bb6 44. Rd6 Bxc5 45. c7 Bxd6 46. c8=Q Be5 47.
f4 Bd4+ 48. Kg2 Bf6 49. g4 hxg4 50. Qxg4 Be7 51. f5 Kf6 52. Kf3 g5 53. Ke4 Bd8
54. h4 Ke7 55. Qxg5+ Ke8 56. f6 Kd7 57. Qe5 Bc7 58. Qe7+ 1-0

[Event "AUTO-ADV-4358"]
[Site "http://www.queenalice.com/game.php?id=1616712"]
[Date "2020.6.14"]
[Round "1"]
[White "RJOliveira"]
[Black "sphagnis"]
[Result "1-0"]
[WhiteElo "1778"]
[BlackElo "1657"]

1. e4 e5 2. Nf3 Nc6 3. c3 Bc5 4. d4 Bb6 5. Be2 Nf6 6. Bg5 h6 7. Bh4 d6 8. d5 Ne7
9. Bxf6 gxf6 10. O-O f5 11. Nbd2 Bd7 12. c4 c5 13. a3 a5 14. b3 Ng6 15. Bd3 Nf4
16. a4 Nxd3 17. Qe2 Nf4 18. Qd1 Qf6 19. Nb1 O-O-O 20. Nbd2 Rhg8 21. g3 Nh3+ 22.
Kh1 Rg4 23. Kg2 fxe4 24. Kxh3 Rg6+ 25. Kg2 exf3+ 26. Nxf3 Bg4 27. h3 Bxf3+ 28.
Qxf3 Qxf3+ 29. Kxf3 Re8 30. Rfe1 f5 31. Kg2 f4 32. g4 e4 33. Rad1 Rf6 34. f3 e3
35. h4 e2 36. Rd2 Re3 37. Rdxe2 Rxb3 38. Re6 Bd8 39. g5 Rxe6 40. dxe6 Be7 41. g6
Bf6 42. e7 Bxe7 43. Rxe7 Rb4 44. g7 Kd8 45. Re4 Rxa4 46. g8=Q+ Kc7 47. Re7+ Kc6
48. Qe8+ Kb6 49. Qb5+ Ka7 50. Qxb7# 1-0

[Event "AUTO-ADV-4358"]
[Site "http://www.queenalice.com/game.php?id=1616713"]
[Date "2020.6.14"]
[Round "1"]
[White "sphagnis"]
[Black "ChessColossos"]
[Result "0-1"]
[WhiteElo "1647"]
[BlackElo "1677"]

1. e4 e5 2. Nf3 Nc6 3. Bc4 Be7 4. a3 Nf6 5. d3 h6 6. h3 d5 7. exd5 Nxd5 8. Bxd5
Qxd5 9. Nc3 Qd8 10. d4 exd4 11. Ne2 Bf6 12. Qd3 O-O 13. O-O Re8 14. Bf4 a6 15.
Rfe1 b5 16. b4 Be6 17. Rab1 Bc4 18. Qd2 Bxe2 19. Rxe2 Rxe2 20. Qd3 Qe7 21. Kf1
Re4 22. Bd2 Re8 23. g4 Bh4 24. Nxh4 Qxh4 25. Kg2 Re2 26. Be3 R2xe3 27. fxe3 Rxe3
28. Qf1 Qxh3+ 29. Kg1 Qxg4+ 30. Kf2 Qg3# 0-1

[Event "AUTO-ADV-4358"]
[Site "http://www.queenalice.com/game.php?id=1616714"]
[Date "2020.6.14"]
[Round "1"]
[White "ChessColossos"]
[Black "sphagnis"]
[Result "0-1"]
[WhiteElo "1717"]
[BlackElo "1632"]

1. g4 e5 2. d4 Nc6 3. d5 Nce7 4. e4 h6 5. Nf3 d6 6. h3 c6 7. dxc6 Nxc6 8. Bb5
Ne7 9. Nxe5 dxe5 10. Qxd8+ Kxd8 11. Bc4 Be6 12. Bxe6 fxe6 13. Nc3 Nd4 0-1

[Event "AUTO-INT-3552"]
[Site "http://www.queenalice.com/game.php?id=1616770"]
[Date "2020.6.15"]
[Round "1"]
[White "sphagnis"]
[Black "Wecker"]
[Result "0-1"]
[WhiteElo "1674"]
[BlackElo "1614"]

1. e4 e5 2. Bc4 Nc6 3. Nf3 Bc5 4. O-O d6 5. h3 Nf6 6. d3 Be6 7. a3 a6 8. Bxe6
fxe6 9. Bg5 Qd7 10. Nc3 O-O-O 11. b4 Ba7 12. Ne2 h6 13. Bxf6 gxf6 14. Ng3 f5 15.
Nh5 Qf7 16. Nh2 Nd4 17. Kh1 fxe4 18. Ng3 exd3 19. Qxd3 d5 20. Ne2 Rhg8 21. Nxd4
exd4 22. Nf3 Qg7 23. g4 Kb8 24. Rfe1 Rde8 25. Ne5 Ka8 26. Rac1 c5 27. bxc5 Bxc5
28. a4 h5 29. f3 hxg4 30. fxg4 Bb4 31. Re2 Bc3 32. Rf1 Ref8 33. Rf3 Rxf3 34.
Nxf3 Qh6 35. Kh2 Rxg4 36. Ne5 Qf4+ 37. Kh1 Qf1+ 38. Kh2 Qg1# 0-1

[Event "AUTO-INT-3552"]
[Site "http://www.queenalice.com/game.php?id=1616771"]
[Date "2020.6.15"]
[Round "1"]
[White "Wecker"]
[Black "sphagnis"]
[Result "1-0"]
[WhiteElo "1660"]
[BlackElo "1663"]

1. e4 e5 2. Bc4 Qf6 3. Nc3 c6 4. Nf3 Bc5 5. d3 h6 6. Be3 d6 7. Qd2 Bg4 8. d4
exd4 9. Nxd4 Ne7 10. f3 Bh5 11. O-O-O O-O 12. g4 Bg6 13. f4 d5 14. exd5 cxd5 15.
Nxd5 Nbc6 16. Nxf6+ gxf6 17. f5 Bh7 18. Nxc6 Nxc6 19. Bxc5 Rfd8 20. Qxh6 Ne5 21.
Qxf6 Nxc4 22. Rxd8+ Rxd8 23. Qxd8+ Kg7 24. Qd4+ Ne5 25. Qxe5+ f6 26. Qe7+ Kh6
27. Be3# 1-0

[Event "AUTO-INT-3552"]
[Site "http://www.queenalice.com/game.php?id=1616772"]
[Date "2020.6.15"]
[Round "1"]
[White "sphagnis"]
[Black "wudang"]
[Result "0-1"]
[WhiteElo "1723"]
[BlackElo "2280"]

1. e4 e6 2. d4 d5 3. e5 c5 4. Nf3 cxd4 5. Nxd4 Ne7 6. Bb5+ Bd7 7. Bg5 h6 8. Bh4
Bxb5 9. Nxb5 Qa5+ 10. N5c3 Nf5 11. g3 d4 12. O-O dxc3 13. Nxc3 g5 14. Bxg5 hxg5
15. a3 Nc6 16. Re1 Rd8 17. Qg4 Nxe5 18. Qe4 Nd4 19. Red1 Ndf3+ 20. Kg2 Rxh2+ 21.
Kf1 Qa6+ 22. Ne2 Rxd1+ 23. Rxd1 Bc5 24. Qd4 Nxd4 25. Kg1 Nef3+ 26. Kf1 Qxe2# 0-1

[Event "AUTO-INT-3552"]
[Site "http://www.queenalice.com/game.php?id=1616773"]
[Date "2020.6.15"]
[Round "1"]
[White "wudang"]
[Black "sphagnis"]
[Result "1-0"]
[WhiteElo "2313"]
[BlackElo "1654"]

1. d4 d6 2. e4 e5 3. Nf3 Nc6 4. Bc4 Qf6 5. Nc3 Nge7 6. Nb5 Kd7 7. O-O a6 8.
Nxe5+ Nxe5 9. dxe5 Qg6 10. Nxc7 Kxc7 11. Bxf7 Nc6 12. Bxg6 hxg6 13. exd6+ Bxd6
14. h3 Be6 15. Be3 Be5 16. c3 Rh4 17. f4 Bd6 18. Bb6+ Kxb6 19. Qxd6 Bf7 20. a4
a5 21. b4 Bc4 22. Qc5+ Kc7 23. Qxc4 Rh5 24. b5 Kb6 25. bxc6 bxc6 26. Rab1+ Ka7
27. Qf7+ Ka6 28. Qb7# 1-0

[Event "AUTO-INT-3552"]
[Site "http://www.queenalice.com/game.php?id=1616774"]
[Date "2020.6.15"]
[Round "1"]
[White "sphagnis"]
[Black "marcoswerneck"]
[Result "0-1"]
[WhiteElo "1667"]
[BlackElo "1711"]

1. e4 e5 2. Nf3 d6 3. h3 a6 4. d4 Be7 5. Bc4 h6 6. Be3 Nf6 7. Nc3 O-O 8. O-O b5
9. Bb3 b4 10. Nd5 Nxe4 11. c4 a5 12. a4 c6 13. Nxe7+ Qxe7 14. Qd3 Bf5 15. Qe2
Nd7 16. Rad1 Be6 17. d5 cxd5 18. cxd5 Bf5 19. Kh1 Nec5 20. Bxc5 Nxc5 21. Qe3 Qf6
22. Nd2 e4 23. Nc4 Qd8 24. g4 Qh4 25. gxf5 Nd3 26. Nxd6 Nf4 27. Nxe4 Nxh3 28.
Qg3 Qxe4+ 29. f3 Qxf5 30. d6 Rad8 31. Rd2 Qh5 32. Kg2 Ng5 33. Rd5 Kh8 34. Bd1
Qg6 35. f4 Ne4 36. Qxg6 fxg6 37. Bc2 Nxd6 38. Bxg6 Nc4 39. Rxd8 Rxd8 40. b3 Ne3+
41. Kf2 Nxf1 42. Kxf1 Rd4 43. f5 Kg8 44. Ke2 Rh4 45. Kd3 Kf8 46. Kc2 Rh3 47. Kb2
h5 48. Kc2 h4 49. Bh5 Rg3 50. Be2 h3 51. Ba6 Rg2+ 52. Kd1 h2 53. Ke1 h1=Q+ 54.
Bf1 Qh4+ 55. Kd1 Qd4+ 56. Ke1 Qa1# 0-1

[Event "AUTO-INT-3552"]
[Site "http://www.queenalice.com/game.php?id=1616775"]
[Date "2020.6.15"]
[Round "1"]
[White "marcoswerneck"]
[Black "sphagnis"]
[Result "1-0"]
[WhiteElo "1700"]
[BlackElo "1668"]

1. e4 e5 2. d3 h6 3. Nf3 Nc6 4. a3 Bc5 5. h3 Bxf2+ 6. Kxf2 Nf6 7. Nc3 a6 8. Be2
d5 9. exd5 Nxd5 10. Nxd5 Qxd5 11. Be3 Bf5 12. Qd2 Qb5 13. d4 Rd8 14. Bxb5 axb5
15. Qc3 O-O 16. dxe5 Rfe8 17. Rhd1 Rxd1 18. Rxd1 Kh7 19. Bf4 b4 20. axb4 Re7 21.
b5 Nd8 22. Rxd8 Rd7 23. Re8 Rd5 24. Qxc7 Rd7 25. Qc4 Be6 26. Qe4+ g6 27. c4 f5
28. Qe3 Bxc4 29. e6 Rd3 30. Re7+ Kg8 31. Qe5 Rd2+ 32. Kg3 Kf8 33. Qg7# 1-0

[Event "AUTO-INT-3520"]
[Site "http://www.queenalice.com/game.php?id=1620890"]
[Date "2020.7.19"]
[Round "2"]
[White "SamuraiJOM"]
[Black "sphagnis"]
[Result "1-0"]
[WhiteElo "1652"]
[BlackElo "1652"]

1. e4 e5 2. Nf3 Nc6 3. Bc4 Qf6 4. c3 h6 5. d3 Bc5 6. O-O Nge7 7. Nbd2 d6 8. Nb3
a6 9. Nxc5 dxc5 10. Be3 b5 11. Bb3 O-O 12. d4 c4 13. Bc2 Rd8 14. d5 Kf8 15. Bc5
Ke8 16. Qe2 Na5 17. b3 Nb7 18. Ba3 Kf8 19. b4 Nd6 20. Bc1 Nb7 21. h3 c6 22. dxc6
Nxc6 23. g4 Qg6 24. Nh2 Nd6 25. f4 f6 26. f5 Qf7 27. Nf3 Ne8 28. Be3 Bb7 29.
Bc5+ Nd6 30. Rad1 Qe7 31. Bb6 Rd7 32. a4 Kf7 33. Bc5 Kg8 34. Nh4 Qe8 35. Bxd6
Rxd6 36. Rxd6 Qe7 37. Rfd1 Rd8 38. Ng6 Qe8 39. Re6 Qf7 40. Rxd8+ Kh7 41. Rh8#
1-0

[Event "AUTO-INT-3520"]
[Site "http://www.queenalice.com/game.php?id=1620891"]
[Date "2020.7.19"]
[Round "2"]
[White "sphagnis"]
[Black "SamuraiJOM"]
[Result "0-1"]
[WhiteElo "1698"]
[BlackElo "1622"]

1. e4 e5 2. Nf3 Nc6 3. Bc4 h6 4. h3 Bc5 5. O-O Nf6 6. d3 O-O 7. Qe2 d6 8. Be3
Nd4 9. Nxd4 exd4 10. Bd2 Be6 11. a3 Qd7 12. a4 a6 13. b4 Ba7 14. b5 axb5 15.
Bxb5 c6 16. Bc4 d5 17. Bb3 Rfe8 18. Qf3 Bb8 19. Bf4 dxe4 20. dxe4 Bxf4 21. Qxf4
Nh5 22. Bxe6 Qxe6 23. Qf3 Qe5 24. Nd2 b5 25. axb5 cxb5 26. Qd3 Nf4 27. Qf3 d3
28. Nb3 Red8 29. Rfd1 Ne2+ 30. Kh1 Nd4 31. Qxd3 Nxb3 32. Rxa8 Rxa8 33. Qd5 Qxd5
34. Rxd5 Na1 35. c3 Rb8 36. Kh2 Nc2 37. Kg3 Ne1 38. f4 g6 39. Kf2 Nc2 40. Rc5
Na3 41. g4 b4 42. cxb4 Rxb4 43. Ke3 Rb3+ 44. Kd4 Rxh3 45. g5 h5 46. f5 gxf5 47.
Rxf5 Nc2+ 48. Kc5 Rc3+ 49. Kd5 Ne3+ 50. Kd4 Nxf5+ 51. Kxc3 Ng3 52. Kd3 h4 53.
Ke3 h3 54. Kf3 h2 55. Kg2 h1=Q+ 56. Kxg3 Qxe4 57. g6 Qxg6+ 58. Kf4 f5 59. Ke5
Kf7 60. Kf4 Kf6 61. Ke3 Qg4 62. Kf2 f4 63. Kf1 f3 64. Kf2 Qg2+ 65. Ke3 f2 66.
Kf4 f1=Q+ 67. Ke3 Kf5 68. Kd4 Qe4+ 69. Kc5 Qed3 70. Kc6 Qc1+ 71. Kb6 Qdb1+ 72.
Ka5 Qa3# 0-1

[Event "AUTO-INT-3520"]
[Site "http://www.queenalice.com/game.php?id=1620892"]
[Date "2020.7.19"]
[Round "2"]
[White "balu"]
[Black "sphagnis"]
[Result "1-0"]
[WhiteElo "1738"]
[BlackElo "1663"]

1. e4 e5 2. Nf3 Nc6 3. Bc4 Qf6 4. Nc3 Bd6 5. Nd5 Qd8 6. c3 Nf6 7. d3 h6 8. Nxf6+
Qxf6 9. a4 a6 10. h3 Na5 11. b4 Nxc4 12. dxc4 O-O 13. Ba3 Re8 14. c5 Bf8 15. a5
b5 16. axb6 cxb6 17. cxb6 Bb7 18. Qd3 Qf4 19. Qe3 Qxe4 20. Qe2 Rac8 21. Qxe4
Bxe4 22. Bb2 Ra8 23. O-O Bxf3 24. gxf3 Bd6 25. Rfd1 Re6 26. b5 a5 27. Bc1 Rg6+
28. Kf1 Kf8 29. Ba3 Bxa3 30. Rxa3 Rxb6 31. c4 Ke7 32. Rd5 d6 33. c5 dxc5 34.
Rxc5 Kd6 35. Rac3 a4 36. Rc6+ Rxc6 37. Rxc6+ Ke7 38. b6 a3 39. Rc1 a2 40. Ra1
Kd6 41. b7 Rb8 42. Rxa2 Rxb7 43. Ra4 g5 44. Ra6+ Ke7 45. Rxh6 Rb1+ 46. Kg2 f6
47. h4 e4 48. hxg5 exf3+ 49. Kxf3 1-0

[Event "AUTO-INT-3520"]
[Site "http://www.queenalice.com/game.php?id=1620893"]
[Date "2020.7.19"]
[Round "2"]
[White "sphagnis"]
[Black "balu"]
[Result "0-1"]
[WhiteElo "1650"]
[BlackElo "1753"]

1. e4 e5 2. Nf3 Nc6 3. Bc4 h6 4. d3 Nf6 5. h3 Bc5 6. Qe2 d6 7. Bxf7+ Kxf7 8. a3
b5 9. Be3 a5 10. Nc3 Bxe3 11. Qxe3 Ba6 12. O-O Re8 13. Nd5 Nxd5 14. exd5 Nd4 15.
Nxd4 exd4 16. Qxd4 Qf6 17. Qg4 Bc8 18. Qf3 Qxf3 19. gxf3 Bxh3 20. Rfe1 Rxe1+ 21.
Rxe1 Re8 22. Re4 Rxe4 23. fxe4 Bd7 24. f4 c6 25. Kg2 Kf6 26. Kg3 h5 27. Kh4 Bg4
28. dxc6 Ke7 29. d4 Bf3 30. Kg5 Bxe4 31. c3 Bxc6 32. Kxh5 Kf6 33. Kg4 a4 34. f5
Be4 35. Kf4 Bxf5 36. Ke3 g5 37. Kf3 Be6 38. Ke4 g4 39. Kf4 Kg6 40. Kg3 Kg5 41.
Kf2 Bd5 42. Kg3 Bf3 43. Kh2 Kf4 44. Kg1 Kg3 45. Kf1 Kh2 46. Kf2 Bd5 47. Kf1 g3
48. Ke2 g2 0-1

[Event "AUTO-INT-3543"]
[Site "http://www.queenalice.com/game.php?id=1626031"]
[Date "2020.9.5"]
[Round "2"]
[White "Krajnicov"]
[Black "sphagnis"]
[Result "0-1"]
[WhiteElo "1680"]
[BlackElo "1665"]

1. e4 e5 2. Bc4 Qf6 3. Qf3 d6 4. Nh3 h6 5. Nc3 Ne7 6. Nb5 Na6 7. g4 Be6 8. d3 c6
9. Nxd6+ Kd7 10. Nxb7 Qxf3 11. Ng1 Qxh1 12. Kf1 Bxc4 13. dxc4 Ng6 14. f3 Nf4 15.
Be3 Nh3 16. Rd1+ Ke8 17. Ke2 Qxh2+ 18. Kd3 Nxg1 19. Bxg1 Qf4 20. Be3 Qxf3 21.
Rg1 Nc5+ 22. Kd2 Nxe4+ 23. Kd3 Nc5+ 24. Kd2 Nxb7 25. Re1 Bd6 26. Kc1 Kd7 27. Bd2
Qxg4 28. Rf1 Be7 29. Re1 Bg5 30. Rd1 Ke7 31. Kb1 Rad8 32. Bxg5+ hxg5 33. Re1
Rd1+ 34. Rxd1 Qxd1# 0-1

[Event "AUTO-INT-3543"]
[Site "http://www.queenalice.com/game.php?id=1626032"]
[Date "2020.9.5"]
[Round "2"]
[White "sphagnis"]
[Black "Krajnicov"]
[Result "1-0"]
[WhiteElo "1670"]
[BlackElo "1697"]

1. e4 e5 2. Nf3 Qf6 3. Bc4 Bc5 4. Qe2 d6 5. h3 Qg6 6. g4 f5 7. exf5 Qf6 8. d3 b6
9. Qe4 c6 10. a3 Qd8 11. h4 Nd7 12. Qxc6 Rb8 13. Bg5 Ne7 14. Bxe7 Kxe7 15. Qd5
Bb7 16. Qf7# 1-0

[Event "AUTO-INT-3543"]
[Site "http://www.queenalice.com/game.php?id=1626039"]
[Date "2020.9.5"]
[Round "2"]
[White "sphagnis"]
[Black "altair"]
[Result "0-1"]
[WhiteElo "1682"]
[BlackElo "1612"]

1. e4 e5 2. Nf3 a6 3. Bc4 h6 4. Nxe5 d5 5. Bxd5 Be6 6. Qh5 g6 7. Nxf7 Bxf7 8.
Qe5+ Be7 9. Qxh8 Bf6 10. Bxf7+ Kxf7 11. Qh7+ Bg7 12. d3 Nd7 13. Bxh6 Nxh6 14.
Nd2 Nf6 15. Qxg7+ Kxg7 16. h3 Nh5 17. g3 Nf6 18. a3 Nd7 19. d4 Nb6 20. c3 Qg8
21. O-O Nc4 22. Nf3 Nxb2 23. Rab1 Na4 24. Rxb7 Qf7 25. Ne5 Qe7 26. Nc6 Qxe4 27.
Rxc7+ Nf7 28. h4 Nxc3 29. Ne5 Rf8 30. Rxc3 Nxe5 31. dxe5 Qxe5 32. Re3 Qc5 33. a4
Qb4 34. Rfe1 Qxa4 35. Re7+ Kh6 36. R1e4 Qd1+ 37. Re1 Qd4 38. R1e2 Rf3 39. Kf1 a5
40. R7e4 Qc5 41. Re5 Qb6 42. Kg2 Rc3 43. Re6 Qb7+ 44. Kf1 Rc1+ 45. Re1 Rc2 46.
Kg1 Qf3 47. Rf1 a4 48. Re3 Qf8 49. Kg2 a3 50. Rf3 Qa8 51. Ra1 Rc3 52. Rxa3 Rxa3
53. h5 Qxf3+ 54. Kg1 Ra1+ 55. Kh2 Qh1# 0-1

[Event "AUTO-INT-3543"]
[Site "http://www.queenalice.com/game.php?id=1626040"]
[Date "2020.9.5"]
[Round "2"]
[White "altair"]
[Black "sphagnis"]
[Result "0-1"]
[WhiteElo "1566"]
[BlackElo "1687"]

1. e4 e5 2. Nf3 Nc6 3. a3 Bc5 4. c3 d5 5. exd5 Qxd5 6. Be2 e4 7. c4 Qf5 8. Qc2
Nf6 9. d4 Bxd4 10. Nxd4 Nxd4 11. Qd2 c5 12. h3 Be6 13. b4 e3 14. fxe3 Nc2+ 15.
Kd1 Nxa1 16. Rf1 Qxb1 17. Bd3 Qb3+ 18. Ke2 Bxc4 19. Bxc4 Qxc4+ 20. Kf2 Ne4+ 0-1

[Event "Challenge"]
[Site "http://www.queenalice.com/game.php?id=1626697"]
[Date "2020.9.12"]
[Round "-"]
[White "dimitridruloza2012"]
[Black "sphagnis"]
[Result "1-0"]
[WhiteElo "1721"]
[BlackElo "1679"]

1. e4 e5 2. d4 Nc6 3. Nf3 d6 4. Bb5 Bd7 5. Bxc6 Bxc6 6. d5 Bb5 7. Nc3 Ba6 8. Be3
c5 9. Qd2 h6 10. O-O-O Nf6 11. h4 Be7 12. Kb1 O-O 13. Bxh6 Re8 14. Bxg7 Kxg7 15.
Qg5+ Kh8 16. Rh3 Nh7 17. Qh6 Bf8 18. Qh5 Qf6 19. Rg3 Bh6 20. Rf1 b5 21. Ng5 Rf8
22. Rh1 Rae8 23. Rf3 Qg6 24. Nxf7+ Rxf7 25. Qxg6 Rxf3 26. gxf3 Rf8 27. Qxh6 b4
28. Rg1 Rg8 29. Rxg8+ Kxg8 30. Qxd6 Bf1 31. Qb8+ Kg7 32. Qxa7+ Kg6 33. Na4 c4
34. d6 Bh3 35. Qe7 Nf6 36. Qxe5 Kf7 37. h5 Bd7 38. Qe7+ Kg8 39. h6 Bxa4 40. Qg7#
1-0